K psychologickým činiteľom základného plaveckého výcviku

Bibliographic Details
Main Authors: Biloveská, Mária, 1933-1996 (Author), Glázerová, Irena, 1929- (Author)
Format: Article
Language:Slovak
PhysicalDescription:Res. slov., rus., lit. 13 zázn. v slov., češ., ruš.
Subjects:

MARC

LEADER 00000nab a2200000 a 4500
001 vtls000271957
003 SK-MaSNL
005 20260304133428.0
008 160204c1986 xo 0 slo
015 |a SNBRA19rr/mm-uuuuu 
035 |a CL0282071 
040 |a SNKBUCL  |b slo  |c SNKBUCL  |e AACR2 
041 0 |a slo 
044 |a xo  |c SK 
080 |a 37.03:797.2:159.9  |2 1981 
080 |a 797.2  |2 1981 
080 |a 159.9  |2 1981 
100 1 |a Biloveská, Mária,  |d 1933-1996  |4 aut  |9 8002 
245 1 0 |a K psychologickým činiteľom základného plaveckého výcviku  |c Mária Bíloveská, Irena Glázerová 
300 |b Res. slov., rus., lit. 13 zázn. v slov., češ., ruš. 
650 0 7 |a telesná výchova  |2 snkbucl  |9 708 
650 0 7 |a plavecký výcvik  |2 snkbucl  |9 71417 
655 7 |a články zo zborníkov  |2 snkbucl  |9 166140 
700 1 |a Glázerová, Irena,  |d 1929-  |4 aut  |9 8351 
773 0 |t Spoločenské vedy 6  |d Bratislava : SPN, 1986  |g S. /155/-172 
850 |a Slovenská národná knižnica v Martine  |a MTA001 
852 |a SNK  |b KIS3GCP 
958 |a NB 
958 |a RK 
992 |a RZB 
999 |c 2901547  |d 2903477